Problemas de industrialización con restricciones en el sector externo (Registro nro. 16003)

Detalles MARC
000 -LEADER
fixed length control field 00365 a2200109 4500
001 - CONTROL NUMBER
control field ART_2822
005 - DATE AND TIME OF LATEST TRANSACTION
control field 20260410161710.0
008 - FIXED-LENGTH DATA ELEMENTS--GENERAL INFORMATION
fixed length control field 260409a
100 1# - MAIN ENTRY--PERSONAL NAME
Personal name Villanueva, Javier
245 10 - TITLE STATEMENT
Title Problemas de industrialización con restricciones en el sector externo
773 0# - HOST ITEM ENTRY
Title Desarrollo económico
Related parts - Vol. 4, Nº 14/15 (jul./dic. 1964)
Record control number REV1174

No hay ítems disponibles.